Počítačová podpora modelovania výrobkov

Bibliographic Details
Main Author: Medvecký, Štefan, 1957- (Author)
Format: Article
Language:Slovak
PhysicalDescription:Fotogr. 1, sch. 2
ISSN:0862-9567
Subjects:

MARC

LEADER 00000nab a2200000 a 4500
001 vtls000598922
003 SK-MaSNL
005 20260303140712.0
008 140228c1996 xo 0 slo
015 |a SNBRB19rr/mm-uuuuu 
035 |a CL0599061 
040 |a SNKBUCL  |b slo  |c SNKBUCL  |e AACR2 
041 0 |a slo 
044 |a xo  |c SK 
080 |a 658.512.2:681.3.06  |2 1981 
080 |a 681.3.06  |2 1981 
100 1 |a Medvecký, Štefan,  |d 1957-  |4 aut  |9 10220 
245 1 0 |a Počítačová podpora modelovania výrobkov  |c Š. Medvecký 
300 |b Fotogr. 1, sch. 2 
650 0 7 |a konštruovanie počítačové  |2 snkbucl  |9 952847 
655 7 |a články z novín a časopisov  |2 snkbucl  |9 267496 
773 0 |t Hospodárske noviny  |g Roč. 4, č. 124 (26. 6. 1996)  |x 0862-9567 
773 0 |t [Príl.] Informačné technológie  |g Č. 10, s. I1 a I3  |x 0862-9567 
850 |a Slovenská národná knižnica v Martine  |a MTA001 
852 |a SNK  |b KIS3GCP 
958 |a RK 
992 |a RBX 
999 |c 1972869  |d 1974799